000 00592nam a22001697a 4500
003 MACL
005 20160423120121.0
008 160423b xxu||||| |||| 00| 0 eng d
040 _cMACL
041 _aHindi
082 _a800
100 _aडॉ अशोक कुमार तिवारी
_953490
245 _aनिराला साहित्‍य का सांस्‍कृतिक अनुशीलन
260 _aदिल्‍ली
_bसत्‍यम पब्लिशिंग हाउस
_c500
650 _aरचनावली
_9163
942 _2ddc
_cHIN
999 _c53828
_d53828